书目信息 |
| 题名: |
图解细胞生物学实验教程
|
|
| 作者: | 余光辉 主编 | |
| 分册: | ||
| 出版信息: | 北京 化学工业出版社 2013.03 |
|
| 页数: | 171页 | |
| 开本: | 26cm | |
| 丛书名: | ||
| 单 册: | ||
| 中图分类: | Q2-33 | |
| 科图分类: | ||
| 主题词: | 细胞生物学--实验--高等教育--教材 , 细胞生物学 | |
| 电子资源: | ||
| ISBN: | 978-7-122-15857-4 | |
| 000 | 01113nam0 2200265 450 | |
| 001 | 005857838 | |
| 005 | 20140610085105.43 | |
| 010 | @a978-7-122-15857-4@dCNY20.00 | |
| 100 | @a20130313d2013 em y0chiy50 ea | |
| 101 | 0 | @achi |
| 102 | @aCN@b110000 | |
| 105 | @aafk z 000yy | |
| 106 | @ar | |
| 200 | 1 | @a图解细胞生物学实验教程@9tu jie xi bao sheng wu xue shi yan jiao cheng@f余光辉主编 |
| 210 | @a北京@c化学工业出版社@d2013.03 | |
| 215 | @a171页@c图版(12页)@d26cm | |
| 300 | @a普通高等教育“十二五”规划教材 国家级实验教学示范中心系列实验教材 | |
| 330 | @a本书包括显微镜的使用,主要细胞器的观察,细胞培养方面的技术和方法及细胞遗传方面的经典实验等方面内容。内容涉及30个细胞生物学的基础实验和综合实验,其中,基础性实验能够满足不同的学校教学学时的实际教学需要;提高性的综合性实验可以帮助同学进行创新课题的研究。 | |
| 333 | @a本书对实验的设计对本科生乃至研究生的实验操作以及技能培养都有参考意义 | |
| 606 | 0 | @a细胞生物学@x实验@x高等教育@j教材 |
| 606 | 0 | @a细胞生物学 |
| 690 | @aQ2-33@v5 | |
| 701 | 0 | @a余光辉@9yu guang hui@4主编 |
| 801 | 0 | @aCN@b人天书店@c20130313 |
| 905 | @b846816-20@dQ2-33@e41@f5 | |
| 图解细胞生物学实验教程/余光辉主编.-北京:化学工业出版社,2013.03 |
| 171页:图版(12页);26cm |
| 普通高等教育“十二五”规划教材 国家级实验教学示范中心系列实验教材.-使用对象:本书对实验的设计对本科生乃至研究生的实验操作以及技能培养都有参考意义 |
| ISBN 978-7-122-15857-4:CNY20.00 |
| 本书包括显微镜的使用,主要细胞器的观察,细胞培养方面的技术和方法及细胞遗传方面的经典实验等方面内容。内容涉及30个细胞生物学的基础实验和综合实验,其中,基础性实验能够满足不同的学校教学学时的实际教学需要;提高性的综合性实验可以帮助同学进行创新课题的研究。 |
| ● |
| 相关链接 |
|
|
|
|
正题名:图解细胞生物学实验教程
索取号:Q2-33/41
 
预约/预借
| 序号 | 登录号 | 条形码 | 馆藏地/架位号 | 状态 | 备注 |
| 1 | 846816 | 208468166 | 第二样本阅览室/ [索取号:Q2-33/41] | 在馆 | |
| 2 | 846817 | 208468175 | 第三借阅区/ [索取号:Q2-33/41] | 在馆 | |
| 3 | 846818 | 208468184 | 第三借阅区/ [索取号:Q2-33/41] | 在馆 | |
| 4 | 846819 | 208468193 | 第三借阅区/ [索取号:Q2-33/41] | 在馆 | |
| 5 | 846820 | 208468200 | 密集书库-生命科学系/ [索取号:Q2-33/41] | 在馆 |